[Event "NATO Chess Championship 2010"]
[Site "Koge"]
[Date "2010.10.19"]
[Round "3.5"]
[White "Schenk, Andreas"]
[Black "Bieluszewski, Piotr"]
[Result "1-0"]
[WhiteElo "2519"]
[BlackElo "2153"]
[PlyCount "167"]
[EventDate "2010.10.??"]
[EventType "swiss"]
[EventRounds "7"]
[EventCountry "DEN"]
[WhiteTeam "GER"]
[BlackTeam "POL"]

1. d4 d5 2. c4 c6 3. Nf3 Nf6 4. e3 Bg4 5. h3 Bh5 6. Nc3 e6 7. g4 Bg6 8. Ne5
Nbd7 9. h4 dxc4 10. Nxg6 hxg6 11. g5 Nd5 12. Bxc4 N7b6 13. Bf1 Bb4 14. Bd2 Qe7
15. a3 Nxc3 16. bxc3 Ba5 17. f4 O-O-O 18. Qb3 Kb8 19. Bg2 Ka8 20. Be4 Rh7 21.
Ke2 Rhh8 22. Be1 Qc7 23. Rc1 Rd7 24. Bg3 Re7 25. Kf2 Qd8 26. Kg2 Rd7 27. Bf3
Re7 28. Rhd1 f5 29. c4 Rd7 30. Bf2 Rf8 31. Rb1 Qc7 32. Qc2 Nc8 33. Qa4 Ne7 34.
Rb3 Rc8 35. Rdb1 Qd8 36. R3b2 Kb8 37. Qc2 Ka8 38. Qb3 Qc7 39. Rh1 Rh8 40. Rbb1
Qc8 41. Rhd1 Rhd8 42. Rb2 Qc7 43. Kg3 Qc8 44. Rbb1 Bc7 45. Rbc1 Bb8 46. Qb2 Qc7
47. Kg2 Qb6 48. Qc3 Qc7 49. Rb1 a6 50. Qc2 Nc8 51. Be1 Nd6 52. Bb4 Ba7 53. Qc3
Rc8 54. a4 Rh8 55. Ba5 Qc8 56. Kg3 Rf7 57. Qc2 Qd7 58. Rd2 Rc8 59. Qd3 Re7 60.
Rdb2 Rb8 61. Rb3 Ree8 62. Qc2 Rec8 63. c5 Ne8 64. Qg2 e5 65. fxe5 Qe6 66. Kh2
Qd7 67. Kg1 Qe6 68. R3b2 Qd7 69. Bb6 Nc7 70. Bxc7 Rxc7 71. Qg3 Rbc8 72. Rh2 Qe6
73. Kh1 Rf7 74. Qg2 Rfc7 75. Qd2 Qe7 76. Qb4 Rd8 77. Rd1 Rcd7 78. Re1 Rc7 79.
Be2 Bb8 80. Bf3 f4 81. exf4 Rcd7 82. Re4 Rh8 83. Qc4 Qd8 84. Qc3 1-0

[Event "NATO Chess Championship 2010"]
[Site "Koge"]
[Date "2010.10.19"]
[Round "3.17"]
[White "Jauk, Wilhelm"]
[Black "Adkins, James"]
[Result "1-0"]
[WhiteElo "2168"]
[BlackElo "2022"]
[PlyCount "59"]
[EventDate "2010.10.??"]
[EventType "swiss"]
[EventRounds "7"]
[EventCountry "DEN"]
[WhiteTeam "GER"]
[BlackTeam "USA"]
[BlackTeamCountry "USA"]

1. d4 g6 2. Nf3 Nf6 3. c4 d6 4. Nc3 Bg7 5. e4 O-O 6. Be2 Bg4 7. O-O Nc6 8. Be3
Bxf3 9. Bxf3 e5 10. d5 Ne7 11. c5 b6 12. cxd6 cxd6 13. Rc1 Qd7 14. Be2 Rfc8 15.
Ba6 Rc7 16. f3 Ne8 17. Qb3 f5 18. Qb4 Kh8 19. Bb5 Qd8 20. Bxe8 Qxe8 21. Qxd6
Rd7 22. Qb4 Bf8 23. Qa4 Nc8 24. exf5 gxf5 25. f4 exf4 26. Bd4+ Bg7 27. Bxg7+
Kxg7 28. Qxf4 Nd6 29. Rce1 Qg6 30. Re6 1-0

[Event "NATO Chess Championship 2010"]
[Site "Koge"]
[Date "2010.10.19"]
[Round "3.18"]
[White "Nilsson, Erik"]
[Black "Koopmeiners, Karl"]
[Result "0-1"]
[WhiteElo "2149"]
[BlackElo "2011"]
[PlyCount "58"]
[EventDate "2010.10.??"]
[EventType "swiss"]
[EventRounds "7"]
[EventCountry "DEN"]
[WhiteTeam "DEN"]
[BlackTeam "NATO"]

1. d4 d5 2. c4 c6 3. Nf3 Nf6 4. Qc2 e6 5. cxd5 exd5 6. Bg5 Be7 7. Nc3 Nbd7 8.
e3 O-O 9. Bd3 Re8 10. O-O Nf8 11. Bxf6 Bxf6 12. b4 a6 13. a4 Bg4 14. Nd2 Be7
15. Rfb1 Bd6 16. Nf1 Qg5 17. Be2 Bh3 18. Bf3 Ng6 19. Qd1 Nh4 20. g3 Nxf3+ 21.
Qxf3 Bg4 22. Qg2 Qf5 23. f4 Bh3 24. Qd2 h5 25. Nd1 Qg6 26. Nf2 Bf5 27. Rb3 h4
28. Qe2 hxg3 29. Nxg3 Bxf4 0-1

[Event "NATO Chess Championship 2010"]
[Site "Koge"]
[Date "2010.10.19"]
[Round "3.19"]
[White "Daler, Neset"]
[Black "Lazar, Ales Sr"]
[Result "1/2-1/2"]
[WhiteElo "2013"]
[BlackElo "2146"]
[PlyCount "95"]
[EventDate "2010.10.??"]
[EventType "swiss"]
[EventRounds "7"]
[EventCountry "DEN"]
[WhiteTeam "TUR"]
[BlackTeam "SLO"]

1. e4 c5 2. Nf3 g6 3. d4 cxd4 4. Nxd4 Nc6 5. Be3 Bg7 6. Nc3 Nf6 7. Be2 O-O 8.
O-O d6 9. h3 Bd7 10. Qd2 Nxd4 11. Bxd4 Bc6 12. Bf3 Nd7 13. Bxg7 Kxg7 14. Qd4+
Kg8 15. g3 a5 16. Bg2 Qb6 17. Qxb6 Nxb6 18. Rfe1 Rfc8 19. Bf1 Kf8 20. Rad1 Na4
21. Nxa4 Bxa4 22. b3 Be8 23. Bd3 e5 24. a4 Ke7 25. c4 Bd7 26. Kg2 b6 27. f4 f6
28. f5 Bc6 29. Kf2 Rg8 30. fxg6 Rxg6 31. Re3 Bd7 32. Bf1 Bc6 33. Bg2 Rgg8 34.
Red3 Rgd8 35. Bf3 h6 36. Re1 Bd7 37. Kg2 Be6 38. Red1 Rab8 39. Bh5 Ra8 40. Bg6
Rab8 41. g4 Ra8 42. Bf5 Bf7 43. Kg3 Rab8 44. h4 Ra8 45. Kf2 Rab8 46. Rg1 Rg8
47. Rdg3 Ra8 48. Ke3 1/2-1/2

[Event "NATO Chess Championship 2010"]
[Site "Koge"]
[Date "2010.10.19"]
[Round "3.23"]
[White "Harwood, Duncan"]
[Black "Krainski, Slawomir"]
[Result "1-0"]
[WhiteElo "1939"]
[BlackElo "2115"]
[PlyCount "109"]
[EventDate "2010.10.??"]
[EventType "swiss"]
[EventRounds "7"]
[EventCountry "DEN"]

1. f4 Nf6 2. Nf3 g6 3. e3 Bg7 4. Be2 O-O 5. O-O d6 6. d3 Nc6 7. Qe1 e5 8. fxe5
Nxe5 9. Nxe5 dxe5 10. e4 Qd6 11. Kh1 b6 12. Qh4 Ne8 13. Nd2 Qc5 14. Nc4 f6 15.
b3 b5 16. Ba3 b4 17. Bb2 Nd6 18. a3 Nxc4 19. dxc4 Qe3 20. Bd3 c5 21. Qf2 Qxf2
22. Rxf2 Bb7 23. axb4 cxb4 24. c5 Rfd8 25. h3 a5 26. Bc1 Bc6 27. Bd2 Kf8 28.
Kh2 Ke7 29. g4 h6 30. Kg3 Rdc8 31. c3 Rd8 32. Bc2 Rdb8 33. h4 a4 34. cxb4 axb3
35. Rxa8 Rxa8 36. Bxb3 Bxe4 37. Bc4 Ra3+ 38. Kh2 f5 39. b5 Ra1 40. c6 Rh1+ 41.
Kg3 Rg1+ 42. Kh2 Rxg4 43. Bb4+ Kf6 44. Rd2 Rxh4+ 45. Kg3 Rg4+ 46. Kh2 Kg5 47.
Be7+ Kh5 48. Be2 f4 49. Bxg4+ Kxg4 50. c7 Bb7 51. Rd8 f3 52. Rb8 Bc8 53. Rxc8
e4 54. Bd6 e3 55. Re8 1-0